[Event "BCF-chT3b 0001 (4NCL)"]
[Site "Birmingham"]
[Date "2000.11.26"]
[Round "4.1"]
[White "Humphreys, Jerry"]
[Black "Hardman, Michael"]
[Result "1/2-1/2"]
[WhiteElo "2121"]
[BlackElo "1992"]
[PlyCount "64"]
[EventDate "2000.11.26"]
[EventType "team-tourn"]
[EventRounds "7"]
[EventCountry "ENG"]
[SourceTitle "EXT 2002"]
[Source "ChessBase"]
[SourceDate "2001.11.25"]
[SourceVersion "1"]
[SourceVersionDate "2001.11.25"]
[SourceQuality "1"]
[WhiteTeam "Bristol III"]
[BlackTeam "BCCA II"]
[WhiteTeamCountry "ENG"]
[BlackTeamCountry "ENG"]

1. Nf3 d5 2. g3 Nf6 3. Bg2 g6 4. 0-0 Bg7 5. c4 0-0 6. cxd5 Nxd5 7. Nc3 c6 8. e4 Nxc3 9. bxc3 Nd7 10. d4 Nb6 11. Qe2 Bg4 12. Ba3 Re8 13. Rad1 Qc7 14. h3 Bxf3 15. Bxf3 Rad8 16. Bg2 c5 17. Bb2 cxd4 18. cxd4 Qc4 19. Qxc4 Nxc4 20. Ba1 b5 21. Rfe1 Rb8 22. Rc1 Rec8 23. Red1 e6 24. Bf1 Nd6 25. Bd3 Nc4 26. f4 f5 27. Kf2 fxe4 28. Bxe4 Nb6 29. Bc6 a6 30. Kf3 Kf7 31. Re1 Rd8 32. Rcd1 Nd5 1/2-1/2

[Event "BCF-chT2 9900 (4NCL)"]
[Site "Birmingham"]
[Date "2000.03.26"]
[Round "8.6"]
[White "Blackburn, Jonathan LB"]
[Black "Hardman, Michael"]
[Result "1/2-1/2"]
[WhiteElo "1896"]
[BlackElo "2008"]
[PlyCount "110"]
[EventDate "1999.10.??"]
[EventType "team"]
[EventRounds "11"]
[EventCountry "ENG"]
[SourceTitle "EXT 2001"]
[Source "ChessBase"]
[SourceDate "2000.11.22"]
[SourceVersion "1"]
[SourceVersionDate "2000.11.22"]
[SourceQuality "1"]
[WhiteTeam "Gwent Dragons"]
[BlackTeam "BCCA"]
[WhiteTeamCountry "ENG"]
[BlackTeamCountry "ENG"]

1. d4 d5 2. c4 Nc6 3. Nc3 e6 4. Nf3 Nf6 5. Bg5 Be7 6. e3 0-0 7. Qc2 h6 8. h4 Nb4 9. Qb1 dxc4 10. Bxf6 Bxf6 11. Bxc4 c5 12. Ne4 cxd4 13. Nxf6+ Qxf6 14. exd4 b5 15. Be2 Bb7 16. a3 Nd5 17. Qe4 Rab8 18. Qe5 Nf4 19. Qxf6 gxf6 20. g3 Nd3+ 21. Bxd3 Bxf3 22. Rg1 Rfd8 23. Kd2 Rxd4 24. Ke3 Rd6 25. b4 Bd5 26. Rac1 a6 27. Rc7 Rbd8 28. Rgc1 R6d7 29. Be2 Kg7 30. Bd3 f5 31. R1c3 Kf6 32. f4 Ke7 33. R7c5 Rg8 34. Kf2 Be4 35. Be2 Rgd8 36. a4 bxa4 37. Ra5 Rd4 38. Rxa4 a5 39. Rxa5 Rxb4 40. Rc7+ Rd7 41. Rxd7+ Kxd7 42. Ra7+ Ke8 43. Rc7 Kf8 44. Ke3 Rb7 45. Rxb7 Bxb7 46. Bd1 Ke7 47. Be2 f6 48. Bd3 Bc8 49. Kd4 Kd6 50. Be2 e5+ 51. Ke3 Kc5 52. Bd1 Kc4 53. Ba4 Kc3 54. Bd1 Bd7 55. Be2 Be6 1/2-1/2

[Event "BCF-chT2 9899 (4NCL)"]
[Site "England"]
[Date "1999.01.23"]
[Round "5.6"]
[White "Hardman, Michael"]
[Black "Regan, Natasha"]
[Result "1/2-1/2"]
[WhiteElo "1928"]
[BlackElo "2151"]
[PlyCount "60"]
[EventDate "1998.10.??"]
[EventType "team"]
[EventRounds "11"]
[EventCountry "ENG"]
[SourceTitle "EXT 2000"]
[Source "ChessBase"]
[SourceDate "1999.11.16"]
[SourceVersion "1"]
[SourceVersionDate "1999.11.16"]
[SourceQuality "1"]
[WhiteTeam "BCCA"]
[BlackTeam "BIG II"]
[WhiteTeamCountry "ENG"]
[BlackTeamCountry "ENG"]

1. e4 Nf6 2. e5 Nd5 3. c4 Nb6 4. c5 Nd5 5. Nc3 c6 6. d4 d6 7. cxd6 exd6 8. Nf3 dxe5 9. Nxe5 Bb4 10. Bd2 0-0 11. Bd3 c5 12. 0-0 cxd4 13. Nxd5 Bxd2 14. Qxd2 Qxd5 15. Rfe1 Be6 16. Be4 Qb5 17. Qxd4 Nc6 18. Nxc6 bxc6 19. Rac1 Rfd8 20. Qc3 Bd5 21. Bxd5 cxd5 22. Qd4 a5 23. g3 h6 24. Re7 Rac8 25. Rxc8 Rxc8 26. Qf4 Rf8 27. Qf5 Qb4 28. Rd7 d4 29. b3 Qd2 30. a4 Qd1+ 1/2-1/2